| 000 | 01208cam a2200265 i 4500 | ||
|---|---|---|---|
| 003 | SA-RiAUC | ||
| 005 | 20250215044745.0 | ||
| 008 | 250213s2002 su g b 00010 ara c | ||
| 040 |
_aSA-MaUQU _bara _cSA-RiAUC _erda |
||
| 082 | 0 | 4 | _a012 |
| 090 |
_a012 _bا ب و ز |
||
| 100 | 1 |
_aأبو زيد، بكر بن عبد الله، _d1365-1429 هجري _eمؤلف. |
|
| 245 | 1 | 2 |
_aالمداخل إلى آثار شيخ الإسلام ابن تيمية وما لحقها من أعمال / _cبكر بن عبد الله أبو زيد. |
| 250 | _aالطبعة الأولى. | ||
| 264 | 1 |
_aمكة المكرمة : _bدار عالم الفوائد، _c2002 |
|
| 300 |
_a117 صفحة ؛ _c25 سم. |
||
| 336 |
_aنص _btxt _2rdacontent _3كتاب |
||
| 337 |
_aبدون وسيط _bn _2rdamedia |
||
| 338 |
_aمجلد _bnc _2rdacarrier |
||
| 440 | 0 |
_aآثار شيخ الإسلام ابن تيمية وما لحقها من أعمال _v1 |
|
| 600 | 1 | 7 |
_aابن تيمية، أحمد بن عبد الحليم بن عبد السلام، _d661-728 هجري _vببليوجرافيات _2aucnm |
| 650 | 7 |
_aالإسلام _vببليوجرافيات _2aucsh |
|
| 942 |
_2ddc _cBOOK _n0 |
||
| 949 |
_aSA-JeALM _d250213 _uosman123 _n1 |
||
| 999 |
_c5924 _d5924 |
||